Top 10 Spanish Football Transfer Records - Statistics

General Stats
  • This quiz has been taken 253 times
    113 since last reset
  • The average score is 8 of 10
Answer Stats
Rank Name Joined Left Season Fee % Correct
3 Rodri Manchester City Atlético de Madrid 19/20 €70.00m
92%
10 Fernando Torres Chelsea FC Liverpool FC 10/11 €58.50m
87%
2 Martín Zubimendi Arsenal FC Real Sociedad 25/26 €70.00m
85%
7 Dean Huijsen Real Madrid AFC Bournemouth 25/26 €62.50m
84%
1 Kepa Arrizabalaga Chelsea FC Athletic Bilbao 18/19 €80.00m
84%
5 Marc Cucurella Chelsea FC Brighton & Hove Albion 22/23 €65.30m
80%
6 Aymeric Laporte Manchester City Athletic Bilbao 17/18 €65.00m
73%
4 Álvaro Morata Chelsea FC Real Madrid 17/18 €66.00m
72%
9 Diego Costa Atlético de Madrid Chelsea FC 17/18 €60.00m
69%
8 Nico González Manchester City FC Porto 24/25 €60.00m
63%
No matching quizzes found
Score Distribution
Percent of People with Each Score
Percentile by Number Answered
Your Score History
You have not taken this quiz since the last reset